| 000 | 00712nam a2200217Ia 4500 | ||
|---|---|---|---|
| 001 | 18367 | ||
| 003 | GE_BSU | ||
| 008 | 181216s||||||||xx |||||||||||||| ||und|| | ||
| 040 | _cGE_BSU | ||
| 080 | _a796.032(075.3) | ||
| 100 | _aციბაძე,ავთ. კინწურაშვილი, დ. | ||
| 245 | _aოლიმპიზმი | ||
| 245 | _bდამხმარე პოპულარული სახ-ლო მოსწავლე ახალგაზრდობისათვის | ||
| 260 | _aთბილისი | ||
| 260 | _bლეგა | ||
| 260 | _c1998 | ||
| 300 | _a163გვ.19სმ. | ||
| 541 | _h28ლ. | ||
| 653 | _aოლიმპიზმი | ||
| 942 | _cBK | ||
| 999 |
_c51383 _d51383 |
||